Compiler design in C (Record no. 164350)
[ view plain ]
| 000 -LEADER | |
|---|---|
| fixed length control field | 00366nam a2200145Ia 4500 |
| 008 - FIXED-LENGTH DATA ELEMENTS--GENERAL INFORMATION | |
| fixed length control field | 231217s9999 xx 000 0 und d |
| 041 ## - LANGUAGE CODE | |
| Language code of text/sound track or separate title | English |
| 082 ## - DEWEY DECIMAL CLASSIFICATION NUMBER | |
| Classification number | 001.6425 HOL;2 |
| 100 ## - MAIN ENTRY--PERSONAL NAME | |
| Personal name | Holub, Allen I |
| 245 #0 - TITLE STATEMENT | |
| Title | Compiler design in C |
| 260 ## - PUBLICATION, DISTRIBUTION, ETC. | |
| Date of publication, distribution, etc. | 1990 |
| Name of publisher, distributor, etc. | New Delhi : PHI, |
| 300 ## - PHYSICAL DESCRIPTION | |
| Extent | xviii+924 |
| 650 ## - SUBJECT ADDED ENTRY--TOPICAL TERM | |
| Topical term or geographic name entry element | C Lexical analysis Optimization |
| 942 ## - ADDED ENTRY ELEMENTS (KOHA) | |
| Koha item type | Books |
| Date last seen | Total checkouts | Full call number | Accession number | Cost, total (INR) price | Price effective from | Category | Public note | Lost status | Damaged status | Department | Withdrawn status | Home library | Current library | Shelving location | Entry date | Cost, normal purchase price | Grants | Billnumber | Billdate | Currency symbol | Conversion rate | Discount | Old discount | Vendor |
|---|---|---|---|---|---|---|---|---|---|---|---|---|---|---|---|---|---|---|---|---|---|---|---|---|
| 26/01/2024 | 001.6425 HOL;2 | 8870 | 148.75 | 26/01/2024 | Books | SC ST (332) | Central Library | Central Library | Central Library | SC-ST | 18/04/1996 | 175.00 | SC-ST | 266 | 22/06/1999 | RS | 1 | 26.25 | 15 | |||||
| 26/01/2024 | 001.6425 HOL;3 | 8961 | 148.75 | 26/01/2024 | Books | SC ST (228) | Central Library | Central Library | Central Library | SC-ST | 04/07/1996 | 175.00 | SC-ST | 20/07/1999 | RS | 1 | 26.25 | 15 | ||||||
| 26/01/2024 | 001.6425 HOL;4 `R' | 20923 | 233.75 | 26/01/2024 | Books | Central Library | Central Library | Central Library | 13/09/2002 | 275.00 | CS | 13385 | 03/12/2004 | RS | 1 | 41.25 | 15 | Sapna Book House | ||||||
| 26/01/2024 | 001.6425 HOL;5 | 20924 | 233.75 | 26/01/2024 | Books | Central Library | Central Library | Central Library | 13/09/2002 | 275.00 | CS | 13385 | 14/12/2004 | RS | 1 | 41.25 | 15 | Sapna Book House | ||||||
| 26/01/2024 | 001.6425 HOL;6 ' R' | 20925 | 233.75 | 26/01/2024 | Books | Central Library | Central Library | Central Library | 13/09/2002 | 275.00 | CS | 13385 | 14/12/2004 | RS | 1 | 41.25 | 15 | Sapna Book House |
